Clash of Clans: Troupes, défenses et sorts - Statistiques

Statistiques générales
  • Ce quiz a été pris 581 fois
    575 depuis la dernière actualisation
  • Le résultat moyen est 33 sur 76
Statistiques - réponses
Troupes, défenses et sorts Réponses % Correct
Troupe Archer
97%
Troupe (élixir) Barbare
97%
Troupe Géant
93%
Troupe Sorcier
92%
Troupe Dragon
91%
Troupe Ballon
83%
Troupe Gobelin
83%
Héros Roi des barbares
80%
Troupe P. E. K. K. A.
79%
Troupe Golem
78%
Troupe Sapeur
75%
Troupe (élixir noir) Gargouille
74%
Héros Reine des archers
74%
Défense (hotel de ville) Canon
73%
Défense (maison des ouvriers) Canon
73%
Troupe Bébé dragon
70%
Troupe Bébé dragon
70%
Troupe Sorcière
70%
Troupe Chevaucheur de cochon
69%
Troupe Guérisseuse
68%
Sort Sort de rage
66%
Troupe Valkyrie
66%
Troupe Electro Dragon
63%
Héros Grand gardien
61%
Défense Mortier
61%
Sort (classique) Sort de foudre
60%
Troupe Mineur
59%
Troupe Molosse de lave
56%
Défense Tour de l'enfer
56%
Défense Tour d'archers
55%
Défense Tour d'archers
55%
Défense Arc-X
52%
Sort Sort de guérison
52%
Sort Sort de saut
52%
Sort Sort de gel
49%
Défense Tour de sorciers
48%
Troupe Bouliste
44%
Troupe Golem de glace
42%
Défense Défense anti-aérienne
41%
Défense Aigle artilleur
35%
Défense Tesla camouflée
34%
Défense Tesla camouflée
34%
Défense Broyeur
32%
Sort Sort de clonage
29%
Défense Tour à bombes
29%
Troupe (maison des ouvriers) Barbare enragé
28%
Machine de siège Dirigeable
26%
Troupe Bombardier
25%
Défense Double canon
24%
Défense Multi-mortier
22%
Troupe Sorcière de la nuit
22%
Défense Rempart
21%
Défense Rempart
21%
Troupe Archère furtive
20%
Troupe Charrette à canon
19%
Sort Sort de chauve-souris
19%
Sort Sort de précipitation
19%
Sort Sort sismique
19%
Machine de siège Bélier
17%
Troupe Géant boxeur
17%
Autel Machine de combat
16%
Défense Propulseur d'air
14%
Sort (noir) Sort d'empoisonnement
14%
Sort Sort squelettique
14%
Troupe Super P. E. K. K. A.
13%
Défense Rôtissoire
11%
Défense Méga tesla
10%
Troupe Bêta-gargouille
9%
Machine de siège Broyeur de pierre
9%
Défense Pétards
9%
Défense Canon géant
7%
Troupe Ballon livreur
6%
Défense Giga tesla
6%
Défense Bombes aériennes
5%
Défense Poste de garde
2%
Sort Cadeau surprise
1%
Aucun quiz correspondant
Distribution des résultats
% des personnes avec chaque résultat
Percentile par nombre de réponses
Votre historique - résultats
Vous n’avez pas pris ce quiz depuis la dernière actualisation